000 00869nam a2200241 i 4500
003 DO-SdBNP
005 20250205120806.0
007 ta
008 230809n1950 dr ||||| |||| 00| 0 spa d
040 _aDO-SdBNP
_bspa
_cBNPHU
_erda
082 4 _axxxx
_bR426p
_222
110 1 _aRepública Dominicana.
_bSecretaría de Estado de Educación, Bellas Artes y Cultos
_923965
245 1 0 _aProgramas de la educación primaria
264 1 _aCiudad Trujillo, Republica Dominicana :
_bSecretaría de Estado de Educación, Bellas Artes y Culto,
_c1950.
300 _aXIV, 217 páginas ;
_c22 cm.
336 _atexto
_btxt
_2rdacontent
337 _asin mediación
_bn
_2rdamedia
338 _avolumen
_bnc
_2rdacarrier
500 _aProgramas de la educación primaria desde 1ro. hasta 6to. curso.
590 _aInventariado 2023 / YL
910 _aYLockward
942 _2ddc
_cLBS1
999 _c54686
_d54686